| 000 | 00712nam a22002177a 4500 | ||
|---|---|---|---|
| 005 | 20251108172959.0 | ||
| 008 | 250721s2005 xx 000 0 ara d | ||
| 020 | _a9957241702 | ||
| 082 | 1 | 4 | _a370.15/ جبا |
| 100 | 1 | _aالجبالي، حمزة | |
| 245 | 1 | 0 | _aالتأخر الدراسي : مفهوهه.أسبابه. علاجه / |
| 264 | 1 |
_aعمان : _bدار صفاء للطباعة و النشر و التوزيع، _c2005. |
|
| 300 | _a272ص. | ||
| 650 | 1 | 7 | _aالتخلف الدراسي |
| 650 | 1 | 7 | _aالمشاكل الإجتماعية |
| 650 | 1 | 7 | _aالأطفال |
| 650 | 1 | 7 | _aرعاية الطفولة |
| 650 | 1 | 7 | _aعلم النفس التربوي |
| 942 |
_2ddc _cBK |
||
| 999 |
_c93270 _d93270 |
||